| 000 | 00582nam a2200181Ia 4500 | ||
|---|---|---|---|
| 005 | 20250508152351.0 | ||
| 008 | 008 250505s9999 xx 000 0 eng d | ||
| 037 | _aTextual | ||
| 040 |
_aFEDL _beng _cFEDL |
||
| 041 |
_aeng _2eng |
||
| 084 |
_a901.9, MOO _qFEDL |
||
| 100 |
_aMoore Charles M _9761307 |
||
| 245 | 0 | _aTwo centuries: An account of the development of western civilization in the last two hundred years | |
| 260 |
_aLondon, UK _bThe Grant Educational Co. Ltd. _c1951 |
||
| 300 | _avii,653p. | ||
| 942 |
_cTEXL _h901.9, MOO |
||
| 999 |
_c1335952 _d1335952 |
||